[Event "Sparkassen-Open B"]
[Site "Heusenstamm, Martinsee"]
[Date "2022.11.17"]
[Round "1.1"]
[White "Vranckx, Oscar"]
[Black "Valean, David-Andrei"]
[Result "1-0"]
[WhiteElo "1629"]
[BlackElo "1418"]
[PlyCount "57"]
[EventDate "2022.??.??"]
[WhiteTeam "Sfr.Mainz 1928"]
[BlackTeam "TG Schweinfurt 1848"]

1. e4 e5 2. Nf3 Nc6 3. d4 exd4 4. Nxd4 Bc5 5. Be3 Nxd4 6. Bxd4 Bxd4 7. Qxd4 Qf6
8. e5 Qe7 9. Nc3 d6 10. Nd5 dxe5 11. Qc3 Qd6 12. Nxc7+ Kf8 13. Nxa8 Nf6 14.
Qxc8+ Ke7 15. Qc7+ Nd7 16. Qxd6+ Kxd6 17. Bb5 Nf6 18. O-O-O+ Kc5 19. Nc7 Rc8
20. Ne8 Nxe8 21. Bxe8 Rxe8 22. Rd7 Rf8 23. Rxb7 a6 24. Rd1 g6 25. Rc7+ Kb6 26.
Re7 h5 27. b4 f6 28. a4 Kc6 29. Red7 1-0

[Event "Sparkassen-Open B"]
[Site "Heusenstamm, Martinsee"]
[Date "2022.11.17"]
[Round "1.2"]
[White "Leichum, Engelbert"]
[Black "Eremenko, Christian"]
[Result "1/2-1/2"]
[WhiteElo "1559"]
[BlackElo "1785"]
[PlyCount "111"]
[EventDate "2022.??.??"]
[WhiteTeam "vereinslos"]
[BlackTeam "SV KS 1929 Großauheim"]

1. e4 d5 2. exd5 Qxd5 3. Nc3 Qa5 4. Bc4 Nf6 5. d3 Bg4 6. f3 Bh5 7. Bd2 Qb6 8.
Nge2 e5 9. Qc1 c6 10. Ng3 Nbd7 11. Nce4 Nxe4 12. fxe4 Bg6 13. Be3 Qb4+ 14. c3
Qe7 15. Bg5 Qd6 16. Qd2 a5 17. a3 h6 18. Bh4 Nc5 19. O-O-O b5 20. Ba2 b4 21.
cxb4 axb4 22. Qxb4 Nxd3+ 23. Rxd3 Qxd3 24. Qb7 Qa6 25. Qc7 f6 26. Nf5 Qa7 27.
Qxc6+ Qd7 28. Qxa8+ Qd8 29. Qxd8+ Kxd8 30. Rd1+ Kc7 31. Bf2 Bh5 32. Rd2 g6 33.
Ne3 f5 34. Nd5+ Kb7 35. Nf6 Bg4 36. h3 h5 37. hxg4 Bh6 38. Bd5+ Ka6 39. exf5
gxf5 40. Bc4+ Ka5 41. Nd5 Bxd2+ 42. Kxd2 hxg4 43. Kc3 f4 44. Bb6+ Ka4 45. Bb3+
Kb5 46. a4+ Kc6 47. Kc4 Rh2 48. a5 Rxg2 49. Ba4+ Kb7 50. Kc5 Rxb2 51. Bc6+ Kc8
52. Ne7+ Kb8 53. a6 Ra2 54. a7+ Rxa7 55. Bxa7+ Kxa7 56. Nf5 1/2-1/2

[Event "Sparkassen-Open B"]
[Site "Heusenstamm, Martinsee"]
[Date "2022.11.17"]
[Round "1.3"]
[White "Bigott, Martin"]
[Black "Martens, Marcus"]
[Result "1/2-1/2"]
[WhiteElo "1772"]
[BlackElo "1559"]
[PlyCount "70"]
[EventDate "2022.??.??"]
[WhiteTeam "SK Köln-Südwest"]
[BlackTeam "Sfr Stiller Zug Wiesbaden"]

1. g3 d5 2. Bg2 c6 3. Nf3 Nf6 4. d4 Bf5 5. Nbd2 h6 6. c4 e6 7. O-O Be7 8. cxd5
exd5 9. Re1 O-O 10. Ne5 Nbd7 11. b3 Re8 12. Bb2 Bd6 13. f4 Bb4 14. a3 Bxd2 15.
Qxd2 Ne4 16. Qc1 f6 17. Nd3 Rc8 18. b4 Nb6 19. Nc5 Nxc5 20. dxc5 Nd7 21. e4
Bxe4 22. Bxe4 Rxe4 23. Rxe4 dxe4 24. Qc4+ Kh8 25. Qxe4 Qe8 26. Qd3 Qf7 27. Rd1
Rc7 28. Qd6 Nf8 29. Qd8 Kg8 30. Kf2 Rd7 31. Rxd7 Qxd7 32. Qxd7 Nxd7 33. Ke3 Kf7
34. Ke4 g6 35. f5 g5 1/2-1/2

[Event "Sparkassen-Open B"]
[Site "Heusenstamm, Martinsee"]
[Date "2022.11.17"]
[Round "1.4"]
[White "Schwab, Lysander"]
[Black "Huck, Robert"]
[Result "1/2-1/2"]
[WhiteElo "1505"]
[BlackElo "1782"]
[PlyCount "120"]
[EventDate "2022.??.??"]
[WhiteTeam "SC Aschaffenburg"]
[BlackTeam "SC Königsspringer Alzenau"]

1. c4 e5 2. Nc3 Bb4 3. Nd5 Be7 4. Nf3 c6 5. Nxe7 Qxe7 6. d3 Nf6 7. g3 O-O 8.
Bg2 d5 9. cxd5 cxd5 10. O-O Nc6 11. Be3 h6 12. Rc1 d4 13. Bd2 Be6 14. a3 Rac8
15. Qa4 Qd7 16. Bb4 Rfe8 17. Rfd1 Nd5 18. Bd2 f5 19. Rc5 e4 20. dxe4 fxe4 21.
Ne1 Qe7 22. Bb4 Ndxb4 23. axb4 Qf7 24. Bxe4 Bb3 25. Qxb3 Qxb3 26. Bd5+ Qxd5 27.
Rxd5 Rxe2 28. Nd3 Rd8 29. Rxd8+ Nxd8 30. Nc5 Rxb2 31. Rxd4 Nc6 32. Rd7 Rxb4 33.
Nxb7 a5 34. Rc7 a4 35. Rc8+ Kh7 36. Rxc6 Rxb7 37. Ra6 Rb4 38. Kf1 h5 39. Ke2 g6
40. Kd3 Rb2 41. Rxa4 Rxf2 42. Rh4 Kh6 43. Ke3 Rb2 44. Kd3 g5 45. Rh3 g4 46. Rh4
Rf2 47. Ke4 Rf3 48. Ke5 Kg5 49. Ke4 Rf2 50. h3 Rh2 51. hxg4 Rxh4 52. gxh4+ Kxg4
53. Ke3 Kg3 54. Ke2 Kg2 55. Ke3 Kh3 56. Kf3 Kxh4 57. Kg2 Kg4 58. Kh2 h4 59. Kg2
h3+ 60. Kh2 Kh4 1/2-1/2

[Event "Sparkassen-Open B"]
[Site "Heusenstamm, Martinsee"]
[Date "2022.11.17"]
[Round "1.5"]
[White "Göbel, Martin"]
[Black "Sheng, Ming"]
[Result "0-1"]
[WhiteElo "1769"]
[BlackElo "1385"]
[PlyCount "104"]
[EventDate "2022.??.??"]
[WhiteTeam "SC Groß-Zimmern"]
[BlackTeam "SC Rochade Saarlouis 1993"]

1. e4 c5 2. Nf3 e6 3. Nc3 Nc6 4. Bb5 Nge7 5. O-O a6 6. Bxc6 Nxc6 7. d4 cxd4 8.
Nxd4 Be7 9. Be3 O-O 10. Qd2 Qc7 11. a3 d6 12. Rad1 Rd8 13. Qe2 Bd7 14. Rd2 Rac8
15. Nxc6 Bxc6 16. Rfd1 Bf6 17. Bd4 Bxd4 18. Rxd4 Qb6 19. b4 Be8 20. Qd3 Qc7 21.
Ne2 Qxc2 22. h3 Qxd3 23. R4xd3 Bb5 24. R3d2 Bxe2 25. Rxe2 Rc3 26. Ra2 Kf8 27.
f3 Ke7 28. Kf2 Rdc8 29. Rdd2 Rb3 30. Rdb2 Rcc3 31. Rxb3 Rxb3 32. Kg3 d5 33. Kf4
d4 34. e5 d3 35. Ke3 Kd7 36. Kd4 b5 37. Ke3 Kc6 38. f4 Kd5 39. Ra1 Kc4 40. g4
Rb2 41. Rc1+ Rc2 42. Rxc2+ dxc2 43. Kd2 Kb3 44. Kc1 h6 45. f5 g6 46. h4 exf5
47. h5 f4 48. hxg6 fxg6 49. e6 f3 50. e7 f2 51. e8=Q f1=Q+ 52. Kd2 c1=Q# 0-1

[Event "Sparkassen-Open B"]
[Site "Heusenstamm, Martinsee"]
[Date "2022.11.17"]
[Round "1.6"]
[White "Vinogradov, Ilia"]
[Black "Merges, Harald"]
[Result "0-1"]
[WhiteElo "1253"]
[BlackElo "1765"]
[PlyCount "106"]
[EventDate "2022.??.??"]
[WhiteTeam "SV Walldorf"]
[BlackTeam "SG Reil-Kinheim"]

1. e4 e6 2. d4 d5 3. e5 c5 4. Nf3 Nc6 5. c3 Qb6 6. Bd3 cxd4 7. cxd4 Bd7 8. Bc2
Nb4 9. Bb3 Bb5 10. Ba4 Nc6 11. Bxb5 Qxb5 12. Qe2 Qxe2+ 13. Kxe2 Nge7 14. Nbd2
Nf5 15. Nb3 Be7 16. g4 Nh4 17. Nxh4 Bxh4 18. Rg1 Be7 19. f4 h5 20. g5 g6 21. h4
Kd7 22. Bd2 Rhc8 23. Rac1 b6 24. Rc3 Nd8 25. Rgc1 Rxc3 26. Rxc3 Nc6 27. a3 a5
28. Nc1 Nxd4+ 29. Kd1 Nc6 30. Rb3 Rb8 31. Ne2 b5 32. Kc2 Kc7 33. Be3 b4 34. a4
Rc8 35. Nd4 Nxd4+ 36. Bxd4 Kb7+ 37. Kd1 Rc4 38. Be3 Bc5 39. Bxc5 Rxc5 40. Ke2
Rc2+ 41. Kf3 Kc6 42. f5 exf5 43. Re3 Kd7 44. Rb3 Ke6 45. Kf4 Re2 46. Re3 Rxe3
47. Kxe3 Kxe5 48. b3 d4+ 49. Kf3 f4 50. Ke2 Ke4 51. Kd2 f3 52. Ke1 Kd3 53. Kd1
f2 0-1

[Event "Sparkassen-Open B"]
[Site "Heusenstamm, Martinsee"]
[Date "2022.11.17"]
[Round "1.7"]
[White "Füssel, Jan Michael"]
[Black "Kuchta, Maksim"]
[Result "1-0"]
[WhiteElo "1754"]
[BlackElo "1430"]
[PlyCount "53"]
[EventDate "2022.??.??"]
[WhiteTeam "VSG 1880 Offenbach"]
[BlackTeam "SC Heusenstamm"]

1. b3 e5 2. Bb2 Nc6 3. e3 d5 4. Bb5 Bd6 5. f4 f6 6. Nh3 Bxh3 7. Qh5+ g6 8. Qxh3
Nge7 9. Qe6 Rf8 10. fxe5 Bxe5 11. Bxc6+ bxc6 12. Bxe5 fxe5 13. Qxe5 Qd7 14. Nc3
O-O-O 15. O-O-O Rf2 16. Rhg1 Rdf8 17. Rde1 R8f7 18. e4 d4 19. Nd1 R2f6 20. Nb2
Re6 21. Qa5 Kb8 22. Nd3 Qd6 23. Nc5 Re5 24. Qb4+ Kc8 25. Qb7+ Kd8 26. Qb8+ Nc8
27. Nb7+ 1-0

[Event "Sparkassen-Open B"]
[Site "Heusenstamm, Martinsee"]
[Date "2022.11.17"]
[Round "1.8"]
[White "Neininger, Sarah"]
[Black "Degenhardt, Andreas"]
[Result "1-0"]
[WhiteElo "1434"]
[BlackElo "1744"]
[PlyCount "63"]
[EventDate "2022.??.??"]
[WhiteTeam "VSG 1880 Offenbach"]
[BlackTeam "SC 1970 Lorsch"]

1. e4 e6 2. d4 d5 3. exd5 exd5 4. c4 Bb4+ 5. Nc3 c6 6. Nf3 Bg4 7. cxd5 Qxd5 8.
Be2 Nf6 9. O-O Bxc3 10. bxc3 O-O 11. c4 Qe6 12. Re1 Bxf3 13. Bxf3 Qxc4 14. Bg5
Nd5 15. Be2 Qc3 16. Bd3 f6 17. Be3 Nd7 18. Rc1 Qa3 19. Bf5 Rf7 20. Be6 Qxa2 21.
Qg4 Re8 22. Bxf7+ Kxf7 23. Qxd7+ Re7 24. Qf5 Qa3 25. Qf3 Nxe3 26. fxe3 a5 27.
Ra1 Qc3 28. Qh5+ Kg8 29. Qxa5 Rxe3 30. Qxc3 Rxc3 31. Re7 b5 32. Ra8# 1-0

[Event "Sparkassen-Open B"]
[Site "Heusenstamm, Martinsee"]
[Date "2022.11.17"]
[Round "1.9"]
[White "Steinke, Hans-Jörg"]
[Black "Köberl, Christiane"]
[Result "1-0"]
[WhiteElo "1733"]
[BlackElo "1492"]
[PlyCount "67"]
[EventDate "2022.??.??"]
[WhiteTeam "SV Erkenschwick"]
[BlackTeam "SC Sulzbach"]

1. d4 Nf6 2. c4 e6 3. Nf3 c5 4. d5 d6 5. Nc3 a6 6. e4 Nbd7 7. Be2 Be7 8. O-O h6
9. Bf4 e5 10. Bd2 O-O 11. Ne1 Nh7 12. f4 f5 13. exf5 exf4 14. Bxf4 Nhf6 15. Qd2
Ne5 16. Rd1 Nf7 17. g4 Nh7 18. Ne4 Nhg5 19. Nxg5 Nxg5 20. Qd3 Bf6 21. b3 Re8
22. Rd2 Bd4+ 23. Kg2 Ne4 24. Rc2 Qh4 25. Qh3 Qf6 26. Nf3 Ng5 27. Bxg5 hxg5 28.
Qh5 Bxf5 29. gxf5 Qxf5 30. Nxd4 Qe4+ 31. Qf3 Qxd4 32. Qf7+ Kh8 33. Qh5+ Kg8 34.
Bd3 1-0

[Event "Sparkassen-Open B"]
[Site "Heusenstamm, Martinsee"]
[Date "2022.11.17"]
[Round "1.10"]
[White "Leitzig, Reamonn"]
[Black "Mandalka, Justus"]
[Result "0-1"]
[WhiteElo "1484"]
[BlackElo "1464"]
[PlyCount "98"]
[EventDate "2022.??.??"]
[WhiteTeam "SV 1934 Ffm-Griesheim"]
[BlackTeam "SK Bad Homburg 1927"]

1. e4 c5 2. Nf3 Nc6 3. d4 cxd4 4. Nxd4 g6 5. Nc3 Bg7 6. Be3 Nf6 7. Bc4 O-O 8.
Bb3 d6 9. f3 Bd7 10. Qd2 a6 11. h4 b5 12. g4 Nxd4 13. Bxd4 a5 14. a4 bxa4 15.
Nxa4 Rb8 16. h5 gxh5 17. g5 Ne8 18. Rxh5 d5 19. exd5 Bxd4 20. Qxd4 Ng7 21. Rxh7
Kxh7 22. Qh4+ Kg8 23. O-O-O Bf5 24. Rh1 f6 25. g6 Bxg6 26. Nc5 Rxb3 27. Ne6
Qxd5 28. Qh8+ Kf7 29. Qxf8+ Kxe6 30. Re1+ Kf5 31. Qc8+ e6 32. cxb3 Qd4 33. Qc2+
Kg5 34. Qg2+ Kh6 35. Qh2+ Bh5 36. Re4 Qc5+ 37. Rc4 Qe3+ 38. Qd2 Qxd2+ 39. Kxd2
Bxf3 40. Ra4 e5 41. Rxa5 Nf5 42. b4 Nd4 43. Ke3 Bc6 44. Kd3 Bb5+ 45. Ke4 Kg5
46. Ra1 Bc6+ 47. Kd3 Kf5 48. Rf1+ Ke6 49. Kc4 Bb5+ 0-1

[Event "Sparkassen-Open B"]
[Site "Heusenstamm, Martinsee"]
[Date "2022.11.17"]
[Round "1.11"]
[White "Fischer, Lutz"]
[Black "Deboer, Alex"]
[Result "0-1"]
[WhiteElo "1707"]
[BlackElo "1206"]
[PlyCount "80"]
[EventDate "2022.??.??"]
[WhiteTeam "SF Frankfurt"]
[BlackTeam "SK Bickenbach"]

1. e4 c6 2. d4 d5 3. e5 c5 4. dxc5 Nc6 5. Bb5 e6 6. Be3 Nge7 7. c3 Nf5 8. Bd4
Qg5 9. g3 Bd7 10. Nf3 Qd8 11. Be2 Be7 12. b4 a6 13. O-O h5 14. a3 g5 15. h3 Qc7
16. Nh2 Ng7 17. Nd2 O-O-O 18. a4 Nf5 19. b5 Nfxd4 20. cxd4 Nxd4 21. bxa6 Bxc5
22. axb7+ Kb8 23. Nb3 Nxb3 24. Qxb3 Qxe5 25. Bb5 f5 26. Bxd7 Rxd7 27. Qb5 Qxg3+
28. Kh1 Qd6 29. Rfc1 Bxf2 30. Rc6 Qe5 31. Rc8+ Rxc8 32. bxc8=Q+ Kxc8 33. Rc1+
Kd8 34. Qa5+ Ke7 35. Qb4+ Kf6 36. Qf8+ Kg6 37. Qg8+ Kh6 38. Nf3 Qf6 39. Rc6 Re7
40. Kg2 Be3 0-1

[Event "Sparkassen-Open B"]
[Site "Heusenstamm, Martinsee"]
[Date "2022.11.17"]
[Round "1.12"]
[White "Kosak, Karolina"]
[Black "Schulze, Fabian"]
[Result "1-0"]
[WhiteElo "1396"]
[BlackElo "1725"]
[PlyCount "131"]
[EventDate "2022.??.??"]
[WhiteTeam "SV Frankfurt Nord 1926"]
[BlackTeam "SC Steinbach"]

1. e4 d5 2. exd5 Qxd5 3. Nc3 Qa5 4. d4 c6 5. Bc4 e6 6. Nf3 Nf6 7. Bd2 Qc7 8.
Qe2 Be7 9. O-O O-O 10. Rfe1 Bd6 11. Rad1 Nbd7 12. Ne5 Nb6 13. Bd3 Nbd5 14. Na4
Nb4 15. Bxb4 Bxb4 16. c3 Ba5 17. Nc5 Bb6 18. Ne4 Nd5 19. g3 f6 20. Nc4 c5 21.
dxc5 Bxc5 22. Nxc5 Qxc5 23. Ne3 Nxe3 24. Qxe3 Qxe3 25. Rxe3 e5 26. Bc4+ Kh8 27.
Red3 Bf5 28. Rd6 Be4 29. Bd5 Bxd5 30. R1xd5 h6 31. Rd7 b6 32. Rc7 Rfc8 33. Rdd7
Rxc7 34. Rxc7 Kh7 35. Kf1 Kg6 36. Ke2 f5 37. Rd7 Kf6 38. Kd3 g6 39. Rd6+ Kg5
40. Kc4 Rc8+ 41. Kd3 e4+ 42. Kd4 Rc7 43. c4 Rg7 44. h3 h5 45. b4 h4 46. c5
bxc5+ 47. bxc5 hxg3 48. fxg3 Re7 49. Ke3 Kh5 50. c6 Rc7 51. Kf4 Kh6 52. g4 fxg4
53. hxg4 e3 54. Kxe3 Kg5 55. Kd4 Kxg4 56. Rxg6+ Kf5 57. Rd6 Re7 58. Rd7 Re1 59.
Kd5 Rd1+ 60. Kc5 Rc1+ 61. Kd6 Kf6 62. Rxa7 Rd1+ 63. Kc7 Ke6 64. Kc8 Rc1 65. c7
Ke7 66. Rb7 1-0

[Event "Sparkassen-Open B"]
[Site "Heusenstamm, Martinsee"]
[Date "2022.11.17"]
[Round "1.13"]
[White "Steeger, Horst"]
[Black "Fettig, Konrad"]
[Result "0-1"]
[WhiteElo "1652"]
[BlackElo "1528"]
[PlyCount "70"]
[EventDate "2022.??.??"]
[WhiteTeam "SC Sulzbach"]
[BlackTeam "SC ML Kastellaun"]

1. d4 Nf6 2. g3 d5 3. Bg2 Bf5 4. f3 c5 5. e3 e6 6. Ne2 Nc6 7. O-O Bd6 8. Kh1 h5
9. Rf2 h4 10. g4 Bg6 11. a3 h3 12. Bf1 Nxg4 13. fxg4 Qh4 14. Rf4 Bxf4 15. Nxf4
Be4+ 16. Kg1 Qg3+ 17. hxg3 h2+ 18. Kf2 h1=Q 19. Ne2 Rh2+ 20. Ke1 Bg2 21. Nd2
cxd4 22. exd4 Bf3 23. Nxf3 Qxf3 24. b3 Qf2+ 25. Kd2 Nxd4 26. Bb2 Nf3+ 27. Kd3
e5 28. b4 Rc8 29. c3 e4+ 30. Kc2 d4 31. Kb3 d3 32. Rb1 dxe2 33. Bxe2 Qxe2 34.
Qxe2 Rxe2 35. Rd1 Rd8 0-1

[Event "Sparkassen-Open B"]
[Site "Heusenstamm, Martinsee"]
[Date "2022.11.17"]
[Round "1.14"]
[White "Herrmann, Gerhard"]
[Black "Kähm, Kevin"]
[Result "0-1"]
[WhiteElo "1528"]
[BlackElo "1696"]
[PlyCount "138"]
[EventDate "2022.??.??"]
[WhiteTeam "SC Königsspringer Alzenau"]
[BlackTeam "SK Bischofsheim"]

1. e4 d6 2. d4 Nf6 3. Nc3 g6 4. h3 Bg7 5. Nf3 O-O 6. Bd3 b6 7. O-O Bb7 8. Be3
Nbd7 9. Qd2 e5 10. d5 Nc5 11. Bxc5 dxc5 12. a4 Re8 13. Rfe1 a6 14. Ne2 c4 15.
Bxc4 Nxe4 16. Qd3 Nd6 17. Ng3 Nxc4 18. Qxc4 Bxd5 19. Qb4 Bxf3 20. gxf3 Qd7 21.
Kg2 Qc6 22. c3 Rad8 23. Qb3 Rd2 24. Ne4 Rd3 25. Re3 Rxe3 26. fxe3 Bh6 27. c4
Rd8 28. Qc3 f5 29. Nf2 Qc5 30. Re1 Bg7 31. e4 Rd4 32. b3 Qd6 33. exf5 gxf5 34.
Re2 Qg6+ 35. Kf1 Qg3 36. Re3 Qf4 37. Ke2 Bh6 38. Nd1 Qh2+ 39. Nf2 Bxe3 40. Qxe3
Qf4 41. Qc3 Rd7 42. Nd3 Qh2+ 43. Nf2 e4 44. fxe4 fxe4 45. Qe3 Qe5 46. Qxe4
Qxe4+ 47. Nxe4 Kf7 48. Ng5+ Kg6 49. h4 Kh5 50. Nf3 Re7+ 51. Kf2 Kg4 52. Nd4 Rd7
53. Ke3 Kxh4 54. b4 Kg3 55. a5 bxa5 56. bxa5 h5 57. c5 Re7+ 58. Kd3 Re5 59. Kc4
h4 60. Nc6 Re4+ 61. Kd5 Ra4 62. Ne5 Rxa5 63. Kc6 h3 64. Nc4 Ra4 65. Ne3 Kf3 66.
Nf1 Kf2 67. Nh2 Kg2 68. Ng4 Rxg4 69. Kxc7 h2 0-1

[Event "Sparkassen-Open B"]
[Site "Heusenstamm, Martinsee"]
[Date "2022.11.17"]
[Round "1.15"]
[White "Englert, Fred"]
[Black "Bär, Christian"]
[Result "1-0"]
[WhiteElo "1713"]
[BlackElo "1525"]
[PlyCount "81"]
[EventDate "2022.??.??"]
[WhiteTeam "SK Klingenberg"]
[BlackTeam "SC Steinbach"]

1. c4 e5 2. g3 g6 3. Nc3 Bg7 4. Bg2 Ne7 5. Nf3 O-O 6. O-O d6 7. d4 exd4 8. Nxd4
Nbc6 9. e3 Rb8 10. b3 Bd7 11. Bb2 Nf5 12. Nd5 Ncxd4 13. exd4 c5 14. Rb1 Nxd4
15. Re1 Re8 16. Qd2 Bf5 17. Rxe8+ Qxe8 18. Re1 Qd8 19. Ne7+ Kf8 20. h3 Qd7 21.
Nxf5 Nxf5 22. Bxg7+ Nxg7 23. Rd1 Nf5 24. Qf4 Nd4 25. Qh6+ Kg8 26. Qg5 Re8 27.
Rd2 b6 28. h4 Qe7 29. Qf4 Ne2+ 30. Rxe2 Qxe2 31. Qxd6 Qxa2 32. Bd5 Qa1+ 33. Kg2
Qe5 34. Qd7 Re7 35. Qc8+ Kg7 36. Qg4 b5 37. Qf3 bxc4 38. bxc4 a5 39. Qa3 Ra7
40. Qxc5 Qxd5+ 41. cxd5 1-0

[Event "Sparkassen-Open B"]
[Site "Heusenstamm, Martinsee"]
[Date "2022.11.17"]
[Round "1.16"]
[White "Wöhl, Torsten"]
[Black "Bengsch, Norbert"]
[Result "0-1"]
[WhiteElo "1515"]
[BlackElo "1667"]
[PlyCount "60"]
[EventDate "2022.??.??"]
[WhiteTeam "SC Groß-Zimmern"]
[BlackTeam "SG Donautal Tuttlingen"]

1. d4 Nf6 2. Nc3 d5 3. Bf4 c6 4. e3 Nbd7 5. Bd3 e6 6. h4 h5 7. Nge2 a6 8. a3 c5
9. Ng3 cxd4 10. exd4 Qb6 11. Rb1 Qxd4 12. Nce2 Qb6 13. Be3 Bc5 14. Bxc5 Nxc5
15. b4 Nxd3+ 16. Qxd3 Bd7 17. Qd4 Qxd4 18. Nxd4 Bb5 19. Nxb5 axb5 20. Rb3 Rc8
21. Rb2 Kd7 22. Ne2 Rc4 23. g3 Rhc8 24. O-O Rxc2 25. Rxc2 Rxc2 26. Nd4 Rc4 27.
Rd1 e5 28. Nf3 Kd6 29. Re1 Ne4 30. Re2 Rc3 0-1

[Event "Sparkassen-Open B"]
[Site "Heusenstamm, Martinsee"]
[Date "2022.11.17"]
[Round "1.17"]
[White "Jordake, Michael"]
[Black "Kuran, Rainer"]
[Result "1-0"]
[WhiteElo "1697"]
[BlackElo "1507"]
[PlyCount "69"]
[EventDate "2022.??.??"]
[WhiteTeam "SC Bergen-Enkheim 1922"]
[BlackTeam "Karlsruher SF"]

1. Nc3 Nf6 2. e4 d5 3. e5 Ne4 4. d4 Nxc3 5. bxc3 Bf5 6. Ne2 e6 7. Ng3 Bg6 8.
Rb1 c5 9. Rxb7 Qc8 10. Rb1 cxd4 11. Bb5+ Nd7 12. O-O dxc3 13. h4 h6 14. h5 Bh7
15. Be3 Be7 16. f4 O-O 17. Bxd7 Qxd7 18. f5 exf5 19. Bd4 Rfc8 20. Ne2 Bc5 21.
Rf4 Qe6 22. Rb5 Bxd4+ 23. Qxd4 g6 24. hxg6 fxg6 25. Rxd5 g5 26. Rf3 Bg6 27.
Rxc3 Bf7 28. Rd6 Qxa2 29. Rxc8+ Rxc8 30. Rd8+ Rxd8 31. Qxd8+ Kg7 32. Nd4 Qb1+
33. Kh2 Qf1 34. Qf6+ Kg8 35. Nf3 1-0

[Event "Sparkassen-Open B"]
[Site "Heusenstamm, Martinsee"]
[Date "2022.11.17"]
[Round "1.18"]
[White "Laux, Filip"]
[Black "Burlutskaia, Maria"]
[Result "0-1"]
[WhiteElo "1446"]
[BlackElo "1522"]
[PlyCount "56"]
[EventDate "2022.??.??"]
[WhiteTeam "VSG 1880 Offenbach"]
[BlackTeam "SG Porz"]

1. e4 e5 2. Nf3 Nc6 3. Bc4 Nf6 4. d3 Be7 5. c3 O-O 6. O-O d5 7. exd5 Nxd5 8.
Re1 Nb6 9. Bb5 f6 10. Bxc6 bxc6 11. Qe2 Ba6 12. Rd1 Bd6 13. Qc2 Qe7 14. Nbd2
Rad8 15. Ne4 h6 16. Nxd6 cxd6 17. Re1 Qf7 18. Be3 Nd5 19. Bd2 f5 20. c4 Nf6 21.
Bc3 Bb7 22. b3 c5 23. Re3 e4 24. Nd2 f4 25. Ree1 e3 26. fxe3 Ng4 27. Nf1 f3 28.
Kh1 fxg2+ 0-1

[Event "Sparkassen-Open B"]
[Site "Heusenstamm, Martinsee"]
[Date "2022.11.17"]
[Round "1.19"]
[White "Wu, Sifan"]
[Black "Fettig, Michel"]
[Result "1/2-1/2"]
[WhiteElo "1659"]
[BlackElo "1403"]
[PlyCount "96"]
[EventDate "2022.??.??"]
[WhiteTeam "SV Oberursel"]
[BlackTeam "SC ML Kastellaun"]

1. e4 e6 2. d4 d5 3. e5 c5 4. c3 Nc6 5. Nf3 Nge7 6. Bd3 c4 7. Bc2 Ng6 8. O-O
Be7 9. Nbd2 O-O 10. Re1 Bd7 11. Nf1 Re8 12. Ng3 b5 13. a3 a5 14. Bd2 b4 15.
axb4 axb4 16. b3 cxb3 17. Bxb3 Rxa1 18. Qxa1 bxc3 19. Bxc3 Bb4 20. Rc1 Qb6 21.
Qa4 Bxc3 22. Rxc3 Ncxe5 23. Qa3 Nxf3+ 24. gxf3 Qxd4 25. Rc7 Rd8 26. Qd6 Qe5 27.
Qb6 Qe1+ 28. Nf1 h6 29. Bc2 Nh4 30. Rxd7 Rf8 31. Qb3 Qe2 32. Bd1 Qe5 33. Qe3
Qf6 34. Be2 Qg6+ 35. Ng3 Rb8 36. Bd3 Qf6 37. f4 Qa1+ 38. Nf1 Qd1 39. Be2 Qb1
40. Qd3 Qxd3 41. Bxd3 Nf5 42. Kh1 g6 43. Ne3 Ra8 44. Be2 Ra1+ 45. Kg2 Nd4 46.
Bf1 h5 47. Kg3 Ra3 48. Kg2 Ra1 1/2-1/2

[Event "Sparkassen-Open B"]
[Site "Heusenstamm, Martinsee"]
[Date "2022.11.17"]
[Round "1.20"]
[White "Goodwin, David"]
[Black "Dubinker, Philipp"]
[Result "1/2-1/2"]
[WhiteElo "1497"]
[BlackElo "1614"]
[PlyCount "112"]
[EventDate "2022.??.??"]
[WhiteTeam "SV 1920 Kelsterbach"]
[BlackTeam "SK Marburg 1931/72"]

1. Nf3 Nf6 2. g3 g6 3. Bg2 Bg7 4. d3 d5 5. O-O O-O 6. Re1 Re8 7. Nbd2 e5 8. e4
dxe4 9. Nxe4 Nxe4 10. dxe4 Qe7 11. c3 Nc6 12. Bg5 f6 13. Be3 Be6 14. Qc2 Qf7
15. Nd2 Red8 16. Nb3 b6 17. f4 a5 18. f5 Bc4 19. Bf1 gxf5 20. Nc1 Bxf1 21. Rxf1
fxe4 22. Qxe4 Qd5 23. Qg4 Kh8 24. Nb3 Qf7 25. Qe4 Qe6 26. Rf5 Ne7 27. Rh5 f5
28. Qh4 Qg6 29. Bg5 Nc6 30. Bxd8 Rxd8 31. Qg5 Qxg5 32. Rxg5 a4 33. Rxf5 axb3
34. axb3 Kg8 35. Rg5 Na5 36. Re1 h6 37. Rg4 Kh7 38. Rf1 Rd7 39. b4 Nb3 40. Rf2
Nd2 41. Kg2 b5 42. h4 Nc4 43. Kh3 Ne3 44. Re4 Nd1 45. Rfe2 Rd3 46. h5 c6 47.
Rg4 Rd6 48. Kh2 Kh8 49. Kg1 Kh7 50. c4 Rd4 51. Rg6 Rxc4 52. Rd2 Rc1 53. Rd7
Ne3+ 54. Kf2 Nf5 55. g4 Rc2+ 56. Kg1 Rc1+ 1/2-1/2

[Event "Sparkassen-Open B"]
[Site "Heusenstamm, Martinsee"]
[Date "2022.11.17"]
[Round "1.21"]
[White "Hofmann, Werner"]
[Black "Hott, Arthur"]
[Result "1-0"]
[WhiteElo "1687"]
[BlackElo "1497"]
[PlyCount "97"]
[EventDate "2022.??.??"]
[WhiteTeam "SV 1920 Kelsterbach"]
[BlackTeam "SC Bad Soden"]

1. d4 c6 2. c3 d5 3. Bf4 Bf5 4. e3 e6 5. Nf3 Nd7 6. Nbd2 c5 7. Ne5 Ngf6 8. Ndf3
Ne4 9. Bb5 Nef6 10. Bg5 Qa5 11. Qa4 Qxa4 12. Bxa4 a6 13. Bxf6 b5 14. Bxg7 Bxg7
15. Bd1 Rc8 16. Nxd7 Kxd7 17. Ne5+ Ke7 18. Rc1 f6 19. Nf3 Be4 20. Nd2 Bd3 21.
Be2 Bf5 22. O-O Rhg8 23. Kh1 Bh6 24. Rg1 Bf8 25. g4 Bg6 26. h3 Kf7 27. h4 Bd6
28. h5 Be4+ 29. f3 Bg6 30. hxg6+ hxg6 31. Kg2 f5 32. f4 g5 33. fxg5 Rxg5 34.
Kf2 Rh8 35. Rcf1 fxg4 36. Rxg4 Rf5+ 37. Ke1 Rh3 38. Rxf5+ exf5 39. Rg1 Rxe3 40.
Rf1 Kf6 41. Kd1 c4 42. Bf3 Bg3 43. Bxd5 Kg5 44. Nf3+ Kg4 45. Nd2 f4 46. Bf3+
Kf5 47. a3 a5 48. Bc6 b4 49. axb4 1-0

[Event "Sparkassen-Open B"]
[Site "Heusenstamm, Martinsee"]
[Date "2022.11.17"]
[Round "1.22"]
[White "Gnandt, Michael"]
[Black "Rödel, Jannis"]
[Result "0-1"]
[WhiteElo "1495"]
[BlackElo "1451"]
[PlyCount "40"]
[EventDate "2022.??.??"]
[WhiteTeam "SV Steinhausen"]
[BlackTeam "SVG CAISSA Kassel"]

1. e4 e5 2. Nf3 Nc6 3. Bc4 Bc5 4. Nc3 Nf6 5. a3 d6 6. d3 Be6 7. Nd5 Ne7 8.
Nxf6+ gxf6 9. Ba2 Rg8 10. g3 Qd7 11. Bxe6 Qxe6 12. Qe2 d5 13. c3 O-O-O 14. O-O
Rg4 15. Nh4 Rdg8 16. Nf5 Nxf5 17. exf5 Qxf5 18. Kg2 Rh4 19. Rh1 Qh3+ 20. Kg1
Rxg3+ 0-1

[Event "Sparkassen-Open B"]
[Site "Heusenstamm, Martinsee"]
[Date "2022.11.17"]
[Round "1.23"]
[White "Reinhold, Günther"]
[Black "Mohr, Alwin"]
[Result "0-1"]
[WhiteElo "1681"]
[BlackElo "1494"]
[PlyCount "106"]
[EventDate "2022.??.??"]
[WhiteTeam "Frankfurter TV 1860"]
[BlackTeam "SV Oberursel"]

1. e4 e6 2. d4 d5 3. Nc3 Nf6 4. e5 Nfd7 5. f4 c5 6. Nf3 a6 7. Be3 Nc6 8. Qd2 b5
9. a3 Bb7 10. Be2 Qb6 11. Nd1 cxd4 12. Nxd4 Nxd4 13. Bxd4 Bc5 14. c3 Rc8 15.
Ne3 O-O 16. O-O f6 17. b4 Bxd4 18. cxd4 Rc7 19. Rac1 Rfc8 20. Rxc7 Qxc7 21. Bg4
f5 22. Be2 Qc3 23. Qxc3 Rxc3 24. Kf2 Nb6 25. g4 g6 26. gxf5 gxf5 27. Rg1+ Kf7
28. Ra1 Bc6 29. Nd1 Rb3 30. Rc1 Nc4 31. Bxc4 dxc4 32. Rc3 Rb1 33. Ne3 Rb2+ 34.
Rc2 Rb3 35. Ra2 Rd3 36. a4 Rxd4 37. axb5 Bxb5 38. Kg3 Re4 39. Ra3 h5 40. h4 Rd4
41. Rc3 Ke7 42. Rc1 Rd3 43. Kf2 c3 44. Nd1 Rd2+ 45. Ke3 Rd3+ 46. Kf2 Rd4 47.
Kg3 c2 48. Ne3 Ba4 49. Kf3 Rd1 50. Nxd1 cxd1=Q+ 51. Rxd1 Bxd1+ 52. Ke3 Kd7 53.
Kd4 Kc6 0-1

[Event "Sparkassen-Open B"]
[Site "Heusenstamm, Martinsee"]
[Date "2022.11.17"]
[Round "1.24"]
[White "Vorsilka, Jiri"]
[Black "Mut, Friedrich"]
[Result "1/2-1/2"]
[WhiteElo "1492"]
[BlackElo "1678"]
[PlyCount "83"]
[EventDate "2022.??.??"]
[WhiteTeam "vereinslos"]
[BlackTeam "SC Sulzbach"]

1. d4 d5 2. Nc3 c6 3. Bf4 e6 4. Nf3 Bd6 5. e3 Nf6 6. Ne5 Nbd7 7. Nxf7 Kxf7 8.
Bxd6 Nf8 9. Be5 Ng6 10. Bxf6 Qxf6 11. Qf3 Bd7 12. Qxf6+ Kxf6 13. Bd3 h6 14.
Bxg6 Kxg6 15. f4 Rhf8 16. Kf2 Rf7 17. Ne2 b6 18. Nc1 Kh7 19. Nd3 Rff8 20. Ne5
Be8 21. h4 c5 22. c3 Rc8 23. Rac1 Rc7 24. g4 Bg6 25. g5 h5 26. dxc5 bxc5 27.
Nxg6 Kxg6 28. Rc2 e5 29. Kg3 e4 30. Rd1 Rd8 31. Rf2 Kf5 32. Rfd2 Rcd7 33. b4
cxb4 34. cxb4 a6 35. a4 Ke6 36. b5 Rd6 37. Rd4 g6 38. Rc1 axb5 39. axb5 Rb8 40.
Rc7 Rxb5 41. Rg7 Kf5 42. Rf7+ 1/2-1/2